[Event "AUTO-ADV-958"]
[Site "http://www.queenalice.com/game.php?id=426220"]
[Date "2008.7.2"]
[Round "1"]
[White "Kritikos"]
[Black "Kingfish"]
[Result "1-0"]
[WhiteElo "1684"]
[BlackElo "1677"]

1. d4 Nf6 2. c4 e6 3. Nc3 Bb4 4. Qc2 O-O 5. a3 Be7 6. e4 d6 7. Nf3 d5 8. e5 Ne4
9. Nxe4 dxe4 10. Qxe4 c5 11. Be3 f6 12. dxc5 Nc6 13. Rd1 Bd7 14. Bd3 f5 15. Qf4
h6 16. Qg3 g5 17. Bc1 Qc7 18. O-O Bxc5 19. Nxg5 1-0

[Event "AUTO-ADV-958"]
[Site "http://www.queenalice.com/game.php?id=426221"]
[Date "2008.7.2"]
[Round "1"]
[White "Kingfish"]
[Black "Kritikos"]
[Result "0-1"]
[WhiteElo "1736"]
[BlackElo "1665"]

1. e4 c5 2. Nf3 Nc6 3. d4 cxd4 4. Nxd4 Nf6 5. Nc3 Qb6 6. Be3 Qxb2 7. Nd5 Nxd5 8.
exd5 Qc3+ 9. Ke2 Ne5 10. Nb3 d6 11. Bd2 Qc4+ 12. Ke1 Qxd5 13. Be3 Qe4 14. Bb5+
Bd7 15. Nd4 Bxb5 16. Nxb5 Qb4+ 17. Bd2 Qxb5 18. Rb1 Qc6 0-1

[Event "AUTO-INT-950"]
[Site "http://www.queenalice.com/game.php?id=426272"]
[Date "2008.7.2"]
[Round "1"]
[White "JosimarCerqueira"]
[Black "Kritikos"]
[Result "1/2-1/2"]
[WhiteElo "1678"]
[BlackElo "1667"]

1. e4 e5 2. Nf3 Nc6 3. Bb5 Qf6 4. O-O h6 5. d3 a6 6. Ba4 Bc5 7. c3 b5 8. Bc2
Nge7 9. a4 b4 10. Be3 Bxe3 11. fxe3 Qg6 12. d4 d6 13. d5 Nd8 14. Qe1 O-O 15. Nh4
Qg5 16. Nf5 Nxf5 17. exf5 b3 18. Bd3 Qf6 19. e4 Bb7 20. Bc4 c6 21. dxc6 Nxc6 22.
Bxb3 Nb8 23. Nd2 Nd7 24. Rd1 Nc5 25. Bc2 d5 26. b4 Nd7 27. a5 Rad8 28. Qf2 Nb8
29. Qa7 Qc6 30. Qe3 d4 31. Qg3 Qf6 32. cxd4 Rxd4 33. Nf3 Rxb4 34. Qxe5 Qxe5 35.
Nxe5 Bxe4 36. Bxe4 Rxe4 37. Nd7 Nxd7 38. Rxd7 Re5 39. Ra1 Rxf5 40. Ra7 Rf6 41.
Rb1 Rc8 42. h3 Rcc6 43. Rab7 1/2-1/2

[Event "AUTO-INT-950"]
[Site "http://www.queenalice.com/game.php?id=426273"]
[Date "2008.7.2"]
[Round "1"]
[White "Kritikos"]
[Black "JosimarCerqueira"]
[Result "0-1"]
[WhiteElo "1665"]
[BlackElo "1612"]

1. g3 g6 2. Bg2 Bg7 3. d4 d5 4. Nc3 c6 5. e3 Nf6 6. Nge2 O-O 7. O-O Nbd7 8. b3
e5 9. dxe5 Nxe5 10. Ba3 Re8 11. Nf4 Neg4 12. h3 Nh6 13. Nd3 Nd7 14. Qd2 Qf6 15.
Bb2 Qd6 16. Ne2 Bxb2 17. Nxb2 Qf6 18. c3 Nf5 19. Nd3 Ne5 20. Nc5 a5 21. Nd4 Nxd4
22. cxd4 Nf3+ 23. Bxf3 Qxf3 24. Rac1 Bxh3 0-1

[Event "AUTO-INT-950"]
[Site "http://www.queenalice.com/game.php?id=426280"]
[Date "2008.7.2"]
[Round "1"]
[White "Barreto"]
[Black "Kritikos"]
[Result "1-0"]
[WhiteElo "1657"]
[BlackElo "1682"]

1. e4 e5 2. Nf3 Nc6 3. Bb5 d6 4. d4 a6 5. Ba4 b5 6. Bb3 Bg4 7. dxe5 Nxe5 8. Nxe5
Bxd1 9. Bxf7+ Ke7 10. Nc6+ Kxf7 11. Nxd8+ Rxd8 12. Kxd1 Nf6 13. f3 Be7 14. Nc3
Rhe8 15. Ne2 d5 16. e5 Ng8 17. a4 c5 18. axb5 axb5 19. Ra5 Rb8 20. Ra7 Nh6 21.
Bxh6 gxh6 22. f4 Kg8 23. Rf1 Ra8 24. Rb7 b4 25. Nc1 c4 26. Rf3 d4 27. b3 c3 28.
Rg3+ Kh8 29. Rh3 Bf8 30. Rf3 Re7 31. Rxe7 Bxe7 32. f5 Bg5 33. Nd3 Ra1+ 34. Ke2
1-0

[Event "AUTO-INT-950"]
[Site "http://www.queenalice.com/game.php?id=426281"]
[Date "2008.7.2"]
[Round "1"]
[White "Kritikos"]
[Black "Barreto"]
[Result "0-1"]
[WhiteElo "1700"]
[BlackElo "1639"]

1. d4 Nf6 2. c4 g6 3. Nc3 Bg7 4. Nf3 O-O 5. e4 d6 6. Be2 c5 7. d5 e6 8. Bg5 Qb6
9. Qc2 exd5 10. Bxf6 Bxf6 11. Nxd5 Qd8 12. O-O Nc6 13. a3 Re8 14. Qd3 Bxb2 15.
Rab1 Bg7 16. Bd1 Rxe4 17. Qxe4 Bf5 18. Ne7+ Nxe7 19. Qxb7 Bxb1 20. Qxb1 Rb8 21.
Qe4 d5 22. cxd5 Nxd5 23. Qc4 Nc3 24. Bb3 Rb7 25. a4 Qd7 26. h3 Rb4 27. Qxc5 Rxb3
28. Qxa7 Qxa7 0-1

[Event "Let's Play Chess!"]
[Site "http://www.queenalice.com/game.php?id=488419"]
[Date "2008.11.5"]
[Round "-"]
[White "jazp"]
[Black "Kritikos"]
[Result "1-0"]
[WhiteElo "1966"]
[BlackElo "1727"]

1. e4 c5 2. d4 cxd4 3. c3 dxc3 4. Nxc3 Nc6 5. Nf3 e5 6. Bc4 h6 7. Qd5 Qf6 8. Nb5
Nb4 9. Qxe5+ Be7 10. Nc7+ Kf8 11. O-O Bd6 12. Qe8# 1-0

[Event "Challenge"]
[Site "http://www.queenalice.com/game.php?id=488579"]
[Date "2008.11.5"]
[Round "-"]
[White "danilo_girino"]
[Black "Kritikos"]
[Result "0-1"]
[WhiteElo "1727"]
[BlackElo "1695"]

1. e4 e6 2. f4 d5 3. e5 Bc5 4. Nf3 Nc6 5. d4 Bb6 6. c3 f6 7. Bd3 g6 8. Nbd2 Bd7
9. Nf1 f5 10. Ne3 h6 11. g4 fxg4 12. Nxg4 Nce7 13. h4 Nf5 0-1

[Event "AUTO-OPEN-1327"]
[Site "http://www.queenalice.com/game.php?id=488624"]
[Date "2008.11.6"]
[Round "1"]
[White "jolomol"]
[Black "Kritikos"]
[Result "1-0"]
[WhiteElo "2004"]
[BlackElo "1699"]

1. e4 c5 2. Nf3 Nc6 3. d4 d6 4. Bb5 Bd7 5. dxc5 dxc5 6. O-O a6 7. Bxc6 Bxc6 8.
Nc3 e6 9. Ne5 Qc7 10. Nxc6 bxc6 11. Qe2 Bd6 12. f4 e5 13. f5 Nf6 14. Nd1 O-O 15.
Rf3 a5 16. Rg3 Qb6 17. Bh6 g6 18. Bxf8 Bxf8 19. Kh1 Bg7 20. Ne3 Nxe4 21. Rg4 Nf6
22. Rh4 Qxb2 23. Rf1 g5 24. Rh3 Qxa2 25. Ng4 Re8 26. Nxf6+ Bxf6 27. Qh5 Kf8 28.
Qh6+ Ke7 29. Rb3 Qxc2 30. Rb7+ 1-0

[Event "AUTO-OPEN-1327"]
[Site "http://www.queenalice.com/game.php?id=488625"]
[Date "2008.11.6"]
[Round "1"]
[White "Kritikos"]
[Black "jolomol"]
[Result "0-1"]
[WhiteElo "1692"]
[BlackElo "1948"]

1. d4 d5 2. c4 c6 3. Nc3 Bf5 4. Nf3 Nf6 5. c5 b6 6. b4 bxc5 7. bxc5 Qc7 8. g3
Nbd7 9. Bg2 e5 10. dxe5 Nxe5 11. Bg5 Ne4 12. Nxe4 Bxe4 13. Bf4 f6 14. O-O Bxc5
15. Nxe5 fxe5 16. Be3 Bxg2 17. Kxg2 Bxe3 18. fxe3 Rf8 19. Rxf8+ Kxf8 20. Qc2 g6
21. Rf1+ Kg7 22. Qc5 Re8 23. h3 Qb6 24. Qd6 Qb7 25. Qc5 Qb5 26. Qxb5 cxb5 27. a3
Rc8 28. h4 Rc3 29. Rb1 Rc5 30. Kf3 a6 31. g4 Kf6 32. g5+ Kf5 33. Kg3 Ke4 34. Rb3
a5 35. Kf2 d4 36. exd4 exd4 37. Rf3 b4 38. axb4 axb4 39. Rf7 Rb5 40. Rxh7 b3 0-1

[Event "AUTO-OPEN-1327"]
[Site "http://www.queenalice.com/game.php?id=488638"]
[Date "2008.11.6"]
[Round "1"]
[White "Kritikos"]
[Black "razoman"]
[Result "0-1"]
[WhiteElo "1712"]
[BlackElo "1918"]

1. d4 e6 2. c4 c6 3. Nf3 d5 4. Ne5 Nd7 5. Nxd7 Bxd7 6. c5 g6 7. g3 Bg7 8. Bg2
Nf6 9. O-O O-O 10. Nc3 b5 11. a3 a5 12. e3 b4 13. axb4 axb4 14. Rxa8 Qxa8 15.
Ne2 Rb8 16. Qb3 Bc8 17. Bd2 Qb7 18. Nc1 Ne4 19. Be1 e5 20. Bxe4 dxe4 21. f4 exd4
22. exd4 Bxd4+ 23. Kg2 Bxc5 24. Bf2 Bxf2 25. Rxf2 c5 26. Kg1 Be6 27. Qe3 Qc6 28.
b3 Rd8 29. Rd2 Rxd2 30. Qxd2 Qb6 31. Qe3 f5 32. Kg2 Bd5 33. h3 Kf7 34. Kf2 Ke6
35. g4 Kd6 36. g5 Qa6 37. Qe2 Qa3 38. Qe3 Qb2+ 39. Kg3 Qd4 40. Qxd4 cxd4 41. Kf2
Kc5 42. Ke2 e3 43. Nd3+ Kb5 44. Nc1 Bg2 45. h4 Be4 46. Nd3 Bxd3+ 47. Kxd3 Kc5
48. Ke2 Kd6 49. Kd3 Kd5 0-1

[Event "AUTO-OPEN-1327"]
[Site "http://www.queenalice.com/game.php?id=488639"]
[Date "2008.11.6"]
[Round "1"]
[White "razoman"]
[Black "Kritikos"]
[Result "1-0"]
[WhiteElo "1926"]
[BlackElo "1704"]

1. e4 c5 2. Bc4 Nc6 3. c3 Nf6 4. d3 Ne5 5. Bb3 b5 6. Nf3 Nxf3+ 7. Qxf3 e5 8. Bg5
Be7 9. Nd2 O-O 10. O-O d6 11. Bxf6 Bxf6 12. Bd5 Rb8 13. b4 cxb4 14. cxb4 Be6 15.
Bxe6 fxe6 16. Qg4 Qe7 17. Rac1 Qd7 18. Nf3 Qe7 19. Rc6 Rb6 20. Rfc1 Rxc6 21.
Rxc6 Rb8 22. h4 Qd7 23. Rc2 Rc8 24. Rxc8+ Qxc8 25. Ng5 Qc1+ 26. Kh2 Qf4+ 27.
Qxf4 exf4 28. Nxe6 Bxh4 29. Kg1 Bf6 30. Nxf4 Bc3 31. Nd5 Bb2 32. Kf1 Kf7 33. Ke2
Ba3 34. Ke3 Bc1+ 35. Kd4 Bb2+ 36. Ke3 Ba3 37. f4 g6 38. e5 dxe5 39. fxe5 Ke6 40.
Ke4 h6 41. g4 h5 42. gxh5 gxh5 43. Nf4+ Kd7 44. Nxh5 Bxb4 45. Kd5 a5 46. Nf6+
Ke7 47. Kc6 Bc3 48. Nd5+ Ke6 49. Nxc3 Kxe5 50. Nxb5 1-0

[Event "AUTO-ADV-1098"]
[Site "http://www.queenalice.com/game.php?id=488770"]
[Date "2008.11.6"]
[Round "1"]
[White "yozzer"]
[Black "Kritikos"]
[Result "1-0"]
[WhiteElo "1936"]
[BlackElo "1727"]

1. e4 c5 2. Nf3 Nc6 3. d4 d6 4. d5 Ne5 5. Nxe5 dxe5 6. Bb5+ Bd7 7. Bxd7+ Qxd7 8.
O-O Nf6 9. Nc3 e6 10. Bg5 Be7 11. dxe6 Qxe6 12. Bxf6 Qxf6 13. Nd5 Qd6 14. Qg4
O-O 15. Rad1 Rac8 16. Ne3 Qg6 17. Rd7 Rfe8 18. Rxe7 Qxg4 19. Rxe8+ Rxe8 20. Nxg4
f6 21. Rd1 h5 22. Ne3 g6 23. Rd7 Rb8 24. Nd5 a5 25. Nxf6+ Kf8 26. f4 exf4 27. e5
b5 28. e6 c4 29. Rf7# 1-0

[Event "AUTO-ADV-1098"]
[Site "http://www.queenalice.com/game.php?id=488771"]
[Date "2008.11.6"]
[Round "1"]
[White "Kritikos"]
[Black "yozzer"]
[Result "0-1"]
[WhiteElo "1703"]
[BlackElo "2011"]

1. d4 Nf6 2. c4 g6 3. Nc3 Bg7 4. Nf3 d5 5. Bf4 O-O 6. Nb5 Na6 7. c5 Bf5 8. Qb3
c6 9. Nc3 b5 10. e3 Nh5 11. a3 Nxf4 12. exf4 Nc7 13. Be2 Ne6 14. g3 Bxd4 15. O-O
Bg7 16. Rad1 Nxc5 17. Qb4 Qd6 18. Nd4 a5 19. Nxf5 axb4 20. Nxd6 bxc3 21. Nxf7
Kxf7 22. bxc3 Rxa3 23. g4 Ke8 24. f5 gxf5 25. gxf5 Rxf5 26. Kh1 Ra2 27. Bg4
Rfxf2 28. Bh5+ Kd8 29. Rxf2 Rxf2 30. Rg1 Bxc3 31. Rg8+ Kc7 32. Rg1 Be5 33. Rg2
Ne4 34. Rxf2 Nxf2+ 0-1

[Event "AUTO-ADV-1098"]
[Site "http://www.queenalice.com/game.php?id=488788"]
[Date "2008.11.6"]
[Round "1"]
[White "Kritikos"]
[Black "tomklinger"]
[Result "0-1"]
[WhiteElo "1694"]
[BlackElo "2034"]

1. d4 Nf6 2. c4 g6 3. Nc3 Bg7 4. Nf3 d6 5. e4 O-O 6. h3 c5 7. d5 b6 8. Be2 Re8
9. Nd2 e6 10. O-O exd5 11. cxd5 a6 12. Bf3 Nbd7 13. Nc4 Nf8 14. Bg5 Qc7 15. Bd2
b5 16. Ne3 b4 17. Ne2 Nxe4 18. Bxe4 Rxe4 19. Qc2 Qe7 20. Ng3 Re5 21. Rae1 Qd7
22. b3 Bb7 23. Qd3 a5 24. Nc4 Rxd5 25. Qc2 Qc6 26. Ne4 Rd4 27. f3 d5 28. Be3
dxe4 29. Bxd4 Bxd4+ 30. Kh1 exf3 31. Rxf3 Ne6 32. Ne5 Bxe5 33. Rxe5 Nd4 34. Rxc5
Nxc2 35. Rxc6 Bxc6 36. Rf2 Ne3 37. Kh2 Re8 0-1

[Event "AUTO-ADV-1098"]
[Site "http://www.queenalice.com/game.php?id=488789"]
[Date "2008.11.6"]
[Round "1"]
[White "tomklinger"]
[Black "Kritikos"]
[Result "1-0"]
[WhiteElo "2033"]
[BlackElo "1697"]

1. e4 c5 2. Nf3 d6 3. Bc4 h6 4. O-O Bg4 5. d3 Nf6 6. Be3 e5 7. Nbd2 Be7 8. c3
O-O 9. Qb3 b6 10. h3 Bd7 11. d4 cxd4 12. cxd4 a5 13. a4 Nc6 14. dxe5 dxe5 15.
Nh4 Nxe4 16. Ng6 Nxd2 17. Bxd2 Nd4 18. Qd1 Re8 19. Nxe5 Be6 20. Bxe6 Nxe6 21.
Bc3 Qc7 22. Re1 Bf6 23. Qf3 Ng5 24. Qf5 Nh7 25. Qe4 Ng5 26. Qf4 Ne6 27. Qg3 Qc5
28. Nd7 Qf5 29. Nxf6+ Kf8 30. Nxe8 Rxe8 31. Rxe6 Qxe6 32. Bxg7+ Ke7 33. Qc7+ 1-0

[Event "AUTO-ADV-1098"]
[Site "http://www.queenalice.com/game.php?id=488790"]
[Date "2008.11.6"]
[Round "1"]
[White "Kritikos"]
[Black "jordancavalera"]
[Result "0-1"]
[WhiteElo "1672"]
[BlackElo "1745"]

1. d4 Nf6 2. c4 d6 3. Nc3 g6 4. Nf3 Bg7 5. e4 Bg4 6. Be2 Nbd7 7. h3 Bxf3 8. Bxf3
e5 9. d5 O-O 10. Bg5 Nc5 11. O-O a6 12. b4 Ncd7 13. Bg4 h6 14. Bxf6 Nxf6 15. Bf3
c6 16. dxc6 bxc6 17. Qa4 Qc8 18. Qc2 Rb8 19. a3 Qe6 20. Be2 c5 21. b5 a5 22. a4
h5 23. Rad1 Bh6 24. Nd5 Nxd5 25. exd5 Qf6 26. Rb1 Rb7 27. b6 Rfb8 28. Rb5 Ra8
29. Rfb1 Qd8 30. R1b3 f5 31. g4 Qg5 32. f3 Kg7 33. Kg2 f4 34. Bf1 Qh4 35. Qf2
Bg5 36. Rb1 hxg4 37. Qxh4 Bxh4 38. fxg4 Ra6 39. Kf3 Kf6 40. Bd3 g5 41. Bf5 Rb8
42. R5b3 Ke7 0-1

[Event "AUTO-ADV-1098"]
[Site "http://www.queenalice.com/game.php?id=488791"]
[Date "2008.11.6"]
[Round "1"]
[White "jordancavalera"]
[Black "Kritikos"]
[Result "1-0"]
[WhiteElo "1731"]
[BlackElo "1686"]

1. e4 c5 2. Nc3 d6 3. g3 Nf6 4. Bg2 e5 5. Nf3 Nc6 6. O-O Be7 7. d3 O-O 8. Be3
Bg4 9. h3 Bh5 10. Qd2 Bxf3 11. Bxf3 Kh8 12. Nd5 Nxd5 13. exd5 Nb4 14. a3 Na6 15.
b4 cxb4 16. axb4 Nc7 17. d4 exd4 18. Bxd4 f6 19. Rxa7 Rxa7 20. Bxa7 Nb5 21. Be3
f5 22. c4 Nc7 23. Bb6 Qd7 24. Re1 Ne8 25. Bd4 Bf6 26. g4 fxg4 27. Bxg4 Qd8 28.
Bxf6 Rxf6 29. Re6 Nc7 30. Rxf6 Qxf6 31. Qa2 Qc3 32. b5 Qe1+ 33. Kg2 Qe7 34. Qa7
h6 35. Qxb7 Qe4+ 36. Kg3 Qd3+ 37. f3 Qxc4 38. Bf5 Qxb5 39. Qc8+ Ne8 40. Bg6 Qxd5
41. Qxe8+ Qg8 42. Qd7 Qb8 43. f4 Qf8 44. Qe6 Qd8 45. Bd3 1-0